Constitución de la monarquía española (Record no. 42429)

MARC details
000 -LEADER
campo de control de longitud fija 01353nam a2200301 i 4500
001 - NÚMERO DE CONTROL
campo de control 42429
003 - IDENTIFICADOR DE NÚMERO DE CONTROL
campo de control ES-MaACL
005 - FECHA Y HORA DE LA ÚLTIMA TRANSACCIÓN
campo de control 20250827062558.0
007 - CAMPO FIJO DE DESCRIPCIÓN FÍSICA--INFORMACIÓN GENERAL
campo de control de longitud fija t|
008 - DATOS DE LONGITUD FIJA--INFORMACIÓN GENERAL
campo de control de longitud fija 030324s1848 sp l |||| | spa d
110 1# - ENTRADA PRINCIPAL--NOMBRE DE ENTIDAD CORPORATIVA
Nombre de entidad corporativa o nombre de jurisdicción como elemento de entrada España
9 (RLIN) 3622
240 10 - TÍTULO UNIFORME
Título uniforme Constitución, 1845
245 10 - MENCIÓN DEL TÍTULO
Título Constitución de la monarquía española
Resto del título . Ley electoral para el nombramiento de diputados a Cortes . Reglamento para el gobierno interior del Senado . Reglamento del Congreso de los Diputados y Ley de 19 de julio de 1837.
246 30 - FORMA VARIANTE DEL TITULO
Título propio/Titulo breve Ley electoral para el nombramiento de diputados a Cortes [de 18 de marzo de 1846]
246 30 - FORMA VARIANTE DEL TITULO
Título propio/Titulo breve Reglamento para el gobierno interior del Senado [de 10 de marzo de 1847]
246 30 - FORMA VARIANTE DEL TITULO
Título propio/Titulo breve Reglamento del Congreso de los Diputados [de marzo de 1847]
246 30 - FORMA VARIANTE DEL TITULO
Título propio/Titulo breve Ley de 19 de julio de 1837
260 ## - PUBLICACIÓN, DISTRIBUCIÓN, ETC.
Lugar de publicación, distribución, etc. Madrid :
Nombre del editor, distribuidor, etc. [s.n.],
Fecha de publicación, distribución, etc. 1848 (
Fabricante Imp. Nacional)
300 ## - DESCRIPCIÓN FÍSICA
Extensión 35, 42, 76, 96 p. ;
Dimensiones 11 cm.
500 ## - NOTA GENERAL
Nota general Cada obra con port. y paginación propias.
610 14 - PUNTO DE ACCESO ADICIONAL DE MATERIA--NOMBRE DE ENTIDAD CORPORATIVA
Nombre de entidad corporativa o nombre de jurisdicción como elemento de entrada España.
Unidad subordinada Cortes Generales.
-- Senado-
Subdivisión de forma Reglamentos
9 (RLIN) 3675
610 14 - PUNTO DE ACCESO ADICIONAL DE MATERIA--NOMBRE DE ENTIDAD CORPORATIVA
Nombre de entidad corporativa o nombre de jurisdicción como elemento de entrada España.
Unidad subordinada Cortes Generales.
-- Congreso-
Subdivisión de forma Reglamentos.
9 (RLIN) 3673
630 04 - PUNTO DE ACCESO ADICIONAL DE MATERIA--TÍTULO UNIFORME
Título uniforme Ley electoral para el nombramiento de diputados a Cortes, 1846.
9 (RLIN) 122588
650 #4 - PUNTO DE ACCESO ADICIONAL DE MATERIA--TÉRMINO DE MATERIA
Término de materia o nombre geográfico como elemento de entrada Derecho electoral-
Subdivisión geográfica España
9 (RLIN) 11705
852 ## - LOCALIZACIÓN
Ubicación ES-MaACL
Número de control de estantería G-13411
942 ## - ELEMENTOS DE ENTRADA SECUNDARIOS (KOHA)
Fuente del sistema de clasificación o colocación Clasificación decimal universal
Holdings
Estatus retirado Estado de pérdida Estado de daño No para préstamo Colección Biblioteca de origen Biblioteca actual Ubicación en estantería Fecha de adquisición Fuente de adquisición Total de préstamos Signatura topográfica completa Código de barras Visto por última vez Precio de reemplazo Tipo de ítem Koha
        Libros del s. XIX Biblioteca del Ateneo de Madrid Biblioteca del Ateneo de Madrid Sala Pecera Planta 3 17/01/2008     G-13411 1044655 23/02/2023 23/02/2023 Libro impreso antiguo